000
00279nam a2200121Ia 4500
008
241002s9999 xx 000 0 und d
082
_a
954.91 DIL
100
_a
Dil, Anwar S.
245
0
_a
Perspectives on Pakistan
260
_a
Lahore:
_c
1965
600
_a
History
942
_c
UC
999
_c
18379
_d
18379